Movie Quotes by Picture #1 - Statistics

General Stats
  • This quiz has been taken 3,157 times
    1,565 since last reset
  • The average score is 12 of 20
Answer Stats
Picture Answer % Correct
“I'm the {King} {of} {the} {World}!”
93%
“My mama always said
Life was like {a} {Box} {of} {Chocolates}.”
90%
“I see {Dead} {People}.”
84%
“You {shall} {not} {pass}!”
77%
“There's No {Place} {Like} {Home}.”
68%
“I'm gonna make him {an} {offer} {he} {can't} {refuse}.”
67%
“I Love the Smell of {Napalm} {in} {the} {Morning}.”
66%
“Go ahead, {make} {my} {day}.”
54%
“{Roads}?
Where we're going we don't need {Roads}.”
54%
Titanic
53%
Forrest Gump
52%
The Godfather
52%
The Lord of the Rings: The Fellowship of the Ring
52%
“You {talkin'} {to} {me}?”
52%
Back to the Future
51%
The Wizard of Oz
49%
The Sixth Sense
44%
Taxi Driver
42%
Apocalypse Now
39%
Sudden Impact
34%
No matching quizzes found
Score Distribution
Percent of People with Each Score
Percentile by Number Answered
Your Score History
You have not taken this quiz since the last reset